000 00994nas a2200325 4500
001 BR2016004201
003 BR-BrBNA
005 20231205130644.0
007 ta
008 230509b bl.|||p| |||| 00| 00por d
040 _aBR-BrBNA
_bpor
_cBiblioteca Nacional de Agricultura
041 _a(Pt)
072 _aQ03; Q02
100 1 _aBretanha
100 1 _aC.C.
100 1 _aRibeiro, A.C.
100 1 _aLuz, G.G.
100 1 _aSouza, M.M. de
100 1 _aBadiale-Furlong, E.
245 1 _aAplicação de compostos fenólicos extraídos de fontes naturais em massa de pizza: qualidade e armazenamento
650 _aPIZZA
650 _aPRODUTO DE PANIFICAÇÃO
650 _aARMAZENAMENTO
650 _aFERMENTAÇÃO
650 _aCONTAMINAÇÃO
650 _aPRESERVAÇÃO DE ALIMENTO
773 0 _tHigiene Alimentar (Brazil)
_xISSN 0101-9171
_g(Jul-Aug 2016), v. 30(258-259) p. 139-143
_wBR2016004201
909 _a202311
_bLúcia
_c55
_dLúcia Elande
942 _2AGRIS
_n0
_cANA
999 _c250557
_d250557